| 000 | 00534nam a22001937a 4500 | ||
|---|---|---|---|
| 003 | OSt | ||
| 005 | 20250612124524.0 | ||
| 008 | 250612b |||||||| |||| 00| 0 eng d | ||
| 020 | _a978-93-5432-435-2 | ||
| 040 | _cSBCL | ||
| 082 |
_a158.1 _bJAC-E |
||
| 100 | _aJacob,Alexander | ||
| 245 | _aEngane Prasangikkanam | ||
| 250 | _a4th ed. | ||
| 260 |
_aKottayam _bDC Books _c2025 |
||
| 300 | _a222p. | ||
| 650 |
_2Literature & rhetoric _aLiteratures of other language _vAltaic, Uralic, Hyperborean & Dravidian |
||
| 942 | _cBOOK | ||
| 999 |
_c137032 _d137032 |
||